[Event "Winnipeg TNT August op"]
[Site "Winnipeg CAN"]
[Date "2011.08.30"]
[Round "4"]
[White "Mundwiler, Les"]
[Black "Oberton, Daniel"]
[Result "1/2-1/2"]
[WhiteElo "2097"]
[BlackElo "1989"]
[PlyCount "101"]
[GameId "2160767909649029"]
[EventDate "2011.08.09"]
[EventType "swiss"]
[EventRounds "4"]
[EventCountry "CAN"]
[SourceTitle "EXT 2022"]
[Source "ChessBase"]
[SourceDate "2021.10.06"]
[SourceVersion "1"]
[SourceVersionDate "2021.10.06"]
[SourceQuality "1"]

1. d4 Nf6 2. c4 g6 3. Nc3 Bg7 4. Nf3 O-O 5. g3 d6 6. Bg2 Nbd7 7. Qc2 e5 8. O-O c6 9. Rd1 Qe7 10. c5 dxc5 11. dxe5 Ng4 12. Bg5 f6 13. exf6 Bxf6 14. Ne4 Bxg5 15. Nfxg5 Nde5 16. f4 Nf7 17. Qc3 Nxg5 18. fxg5 Bf5 19. Nxc5 Ne3 20. Qb3+ Rf7 21. Rdc1 Nxg2 22. Kxg2 b6 23. e4 Bxe4+ 24. Nxe4 Qxe4+ 25. Kg1 Qd4+ 26. Kg2 Qd5+ 27. Qxd5 cxd5 28. Rd1 Rd8 29. Rd2 Rf5 30. h4 Kf7 31. Rc1 Ke6 32. Re1+ Kd6 33. g4 Re5 34. Rf1 Rd7 35. Rf6+ Kc5 36. Rc2+ Kb5 37. Rf3 Re4 38. Kg3 Rc4 39. Rd2 Kc5 40. Rf6 Rc1 41. Kg2 d4 42. h5 gxh5 43. gxh5 Rd5 44. Rh6 Rxg5+ 45. Kh2 Rg7 46. Rg2 Rxg2+ 47. Kxg2 d3 48. Rxh7 d2 49. Rc7+ Kd5 50. Rd7+ Ke6 51. Rxd2 1/2-1/2

[Event "Winnipeg TNT August op"]
[Site "Winnipeg CAN"]
[Date "2011.08.30"]
[Round "4"]
[White "Pottinger, Carl"]
[Black "Boron, Anthony"]
[Result "1/2-1/2"]
[WhiteElo "1996"]
[BlackElo "1883"]
[PlyCount "70"]
[GameId "2160767909649030"]
[EventDate "2011.08.09"]
[EventType "swiss"]
[EventRounds "4"]
[EventCountry "CAN"]
[SourceTitle "EXT 2022"]
[Source "ChessBase"]
[SourceDate "2021.10.06"]
[SourceVersion "1"]
[SourceVersionDate "2021.10.06"]
[SourceQuality "1"]

1. c4 b6 2. Nc3 e6 3. e4 c5 4. g3 Bb7 5. Bg2 f5 6. d3 Nf6 7. Nge2 Be7 8. O-O fxe4 9. dxe4 Nc6 10. h3 e5 11. Be3 Nd4 12. Bxd4 cxd4 13. Nd5 O-O 14. Nc1 Bc6 15. Nd3 d6 16. f4 Nd7 17. Qg4 Bxd5 18. exd5 Rc8 19. b3 Rf6 20. fxe5 Nxe5 21. Qxd4 Nxd3 22. Qxd3 Qf8 23. Rxf6 Bxf6 24. Re1 Re8 25. Re6 Be5 26. Be4 Rxe6 27. dxe6 Qf6 28. Kg2 Kf8 29. Qd5 Qd8 30. Bxh7 Qg5 31. Qa8+ Ke7 32. Qb7+ Kxe6 33. Qc8+ Ke7 34. Qc7+ Kf8 35. Qc8+ Ke7 1/2-1/2

[Event "Winnipeg TNT August op"]
[Site "Winnipeg CAN"]
[Date "2011.08.30"]
[Round "4"]
[White "Reimer, Bruce"]
[Black "Iomdina, Alexander"]
[Result "1-0"]
[WhiteElo "1669"]
[BlackElo "1410"]
[PlyCount "35"]
[GameId "2160767909649031"]
[EventDate "2011.08.09"]
[EventType "swiss"]
[EventRounds "4"]
[EventCountry "CAN"]
[SourceTitle "EXT 2022"]
[Source "ChessBase"]
[SourceDate "2021.10.06"]
[SourceVersion "1"]
[SourceVersionDate "2021.10.06"]
[SourceQuality "1"]

1. c4 e5 2. g3 f5 3. Bg2 Nf6 4. Nc3 g6 5. e3 Bg7 6. Nge2 O-O 7. O-O c6 8. d4 e4 9. f3 d5 10. cxd5 cxd5 11. Qb3 Nc6 12. fxe4 fxe4 13. Nxe4 Be6 14. Nxf6+ Rxf6 15. Rxf6 Bxf6 16. Bd2 Qd7 17. Nf4 Bf7 18. Bxd5 1-0

[Event "Winnipeg TNT August op"]
[Site "Winnipeg CAN"]
[Date "2011.08.30"]
[Round "4"]
[White "Zaczek, Jonathon"]
[Black "Kaptsan, Aron"]
[Result "1-0"]
[WhiteElo "2284"]
[BlackElo "1978"]
[PlyCount "79"]
[GameId "2160767909649032"]
[EventDate "2011.08.09"]
[EventType "swiss"]
[EventRounds "4"]
[EventCountry "CAN"]
[SourceTitle "EXT 2022"]
[Source "ChessBase"]
[SourceDate "2021.10.06"]
[SourceVersion "1"]
[SourceVersionDate "2021.10.06"]
[SourceQuality "1"]

1. e4 e5 2. Nf3 Nc6 3. Bb5 a6 4. Ba4 Nf6 5. O-O b5 6. Bb3 Be7 7. Re1 d6 8. a4 Bg4 9. c3 Na5 10. Bc2 b4 11. d4 bxc3 12. bxc3 Nd7 13. Nbd2 O-O 14. h3 Bxf3 15. Qxf3 Rb8 16. Qg3 Bf6 17. Nf3 Nb3 18. Rb1 Nxc1 19. Rexc1 Qe7 20. a5 Rxb1 21. Rxb1 Rb8 22. Rxb8+ Nxb8 23. dxe5 Bxe5 24. Qg4 Qd7 25. Nxe5 dxe5 26. Qh5 Qe6 27. Qd1 Qd6 28. Qb1 Nd7 29. Qb7 g6 30. Bb3 Nc5 31. Qa8+ Qf8 32. Qd5 Nxb3 33. Qxb3 Qd6 34. Qc4 Kf8 35. g3 Ke7 36. Kg2 Qe6 37. Qxc7+ Kf8 38. c4 h5 39. c5 g5 40. Qd8+ 1-0

[Event "Winnipeg TNT February op"]
[Site "Winnipeg CAN"]
[Date "2011.02.01"]
[Round "1"]
[White "Einarsson, Ken"]
[Black "Repa, Jason"]
[Result "0-1"]
[WhiteElo "1817"]
[BlackElo "2035"]
[PlyCount "38"]
[GameId "2160767909812743"]
[EventDate "2011.02.01"]
[EventType "swiss"]
[EventRounds "4"]
[EventCountry "CAN"]
[SourceTitle "EXT 2022"]
[Source "ChessBase"]
[SourceDate "2021.10.06"]
[SourceVersion "1"]
[SourceVersionDate "2021.10.06"]
[SourceQuality "1"]

1. d4 e6 2. c4 Nf6 3. Nc3 Bb4 4. Bd2 O-O 5. Nf3 b6 6. e3 Bb7 7. Bd3 Bxc3 8. Bxc3 Ne4 9. Qc2 f5 10. Bxe4 fxe4 11. Nd2 Qg5 12. g3 d6 13. O-O Nd7 14. Rac1 Qg4 15. Kg2 h5 16. Qd1 Qf5 17. h4 Nf6 18. d5 Ng4 19. dxe6 Nxf2 0-1

[Event "Winnipeg TNT February op"]
[Site "Winnipeg CAN"]
[Date "2011.02.01"]
[Round "1"]
[White "Iomdina, Alexander"]
[Black "Rutter, Blair"]
[Result "0-1"]
[WhiteElo "1435"]
[BlackElo "1889"]
[PlyCount "94"]
[GameId "2160767909812744"]
[EventDate "2011.02.01"]
[EventType "swiss"]
[EventRounds "4"]
[EventCountry "CAN"]
[SourceTitle "EXT 2022"]
[Source "ChessBase"]
[SourceDate "2021.10.06"]
[SourceVersion "1"]
[SourceVersionDate "2021.10.06"]
[SourceQuality "1"]

1. d4 e6 2. c4 f5 3. Nc3 Bb4 4. Qc2 Nf6 5. Bg5 O-O 6. e3 b6 7. Bd3 Bb7 8. f3 Qe8 9. Nge2 d5 10. a3 Bd6 11. cxd5 Nxd5 12. Nxd5 Bxd5 13. O-O Nd7 14. e4 fxe4 15. fxe4 Qh5 16. Bf4 Rxf4 17. Nxf4 Qh6 18. e5 Nxe5 19. dxe5 Bxe5 20. Nh3 Qe3+ 21. Rf2 Rf8 22. Bxh7+ Kh8 23. Raf1 Bd4 24. Kh1 Rxf2 25. Rxf2 Qe1+ 26. Ng1 Bxf2 27. Qb1 Qxg1+ 28. Qxg1 Bxg1 29. Kxg1 Kxh7 30. h4 Kg6 31. Kf2 Kf6 32. g3 Kf5 33. b4 c6 34. Ke3 e5 35. a4 Kg4 36. Kf2 g6 37. a5 e4 38. axb6 axb6 39. b5 cxb5 40. h5 gxh5 41. Kg1 Kxg3 42. Kf1 h4 43. Kg1 h3 44. Kh1 e3+ 45. Kg1 h2+ 46. Kf1 Bc4+ 47. Ke1 h1=Q# 0-1

[Event "Winnipeg TNT February op"]
[Site "Winnipeg CAN"]
[Date "2011.02.01"]
[Round "1"]
[White "Mundwiler, Les"]
[Black "Reimer, Bruce"]
[Result "1-0"]
[WhiteElo "1981"]
[BlackElo "1658"]
[PlyCount "75"]
[GameId "2160767909812745"]
[EventDate "2011.02.01"]
[EventType "swiss"]
[EventRounds "4"]
[EventCountry "CAN"]
[SourceTitle "EXT 2022"]
[Source "ChessBase"]
[SourceDate "2021.10.06"]
[SourceVersion "1"]
[SourceVersionDate "2021.10.06"]
[SourceQuality "1"]

1. d4 Nf6 2. c4 g6 3. Nc3 Bg7 4. e4 d6 5. h3 O-O 6. Nf3 e5 7. Be3 Nc6 8. d5 Ne7 9. Be2 Nd7 10. Qd2 f5 11. Bh6 f4 12. Bxg7 Kxg7 13. Ng5 Nf6 14. g3 h6 15. Ne6+ Bxe6 16. dxe6 fxg3 17. fxg3 Nc6 18. g4 Nh7 19. h4 Nd4 20. g5 h5 21. O-O-O Rf2 22. Qe3 Qf8 23. Rxd4 exd4 24. Qxd4+ Kg8 25. e7 Qf4+ 26. Kb1 c6 27. c5 d5 28. Nxd5 cxd5 29. Qxd5+ Qf7 30. Qd8+ Rxd8 31. exd8=Q+ Nf8 32. Bd3 Qd7 33. Bc4+ Kg7 34. Qb8 Qc6 35. Qe5+ Kh7 36. Qe7+ Kh8 37. Rd1 Rh2 38. Qxf8+ 1-0

[Event "Winnipeg TNT February op"]
[Site "Winnipeg CAN"]
[Date "2011.02.01"]
[Round "1"]
[White "Pottinger, Carl"]
[Black "Wolchock, Theo"]
[Result "1-0"]
[WhiteElo "1851"]
[BlackElo "1600"]
[PlyCount "127"]
[GameId "2160767909812746"]
[EventDate "2011.02.01"]
[EventType "swiss"]
[EventRounds "4"]
[EventCountry "CAN"]
[SourceTitle "EXT 2022"]
[Source "ChessBase"]
[SourceDate "2021.10.06"]
[SourceVersion "1"]
[SourceVersionDate "2021.10.06"]
[SourceQuality "1"]

1. e4 c5 2. Nf3 Nc6 3. d4 cxd4 4. Nxd4 Nf6 5. Nc3 e5 6. Ndb5 d6 7. Bg5 Be7 8. Bxf6 Bxf6 9. Qxd6 Qxd6 10. Nxd6+ Ke7 11. Nxc8+ Raxc8 12. Nd5+ Ke8 13. Nxf6+ gxf6 14. Bb5 a6 15. Bxc6+ Rxc6 16. O-O-O Ke7 17. Rd2 Rhc8 18. Rhd1 Ke6 19. c3 b5 20. a3 a5 21. Rd3 b4 22. axb4 axb4 23. Kc2 Rb6 24. b3 Rbc6 25. c4 Ra8 26. Kd2 Ra2+ 27. Ke3 f5 28. exf5+ Kxf5 29. R3d2 Ra3 30. Rd3 e4 31. Rd5+ Ke6 32. Kxe4 Rxb3 33. c5 Ke7 34. Re5+ Re6 35. Rxe6+ fxe6 36. c6 Rc3 37. Rd7+ Ke8 38. Rb7 Rxc6 39. Rxb4 Kf7 40. Rb7+ Kg6 41. Re7 h5 42. g3 Kf6 43. Rh7 Rc4+ 44. Kf3 Kg5 45. h3 e5 46. Re7 Kf6 47. Re8 Kf5 48. g4+ Kf6 49. gxh5 Rh4 50. Kg3 Rxh5 51. h4 Kf5 52. f3 Rh6 53. Rf8+ Ke6 54. h5 Rxh5 55. Kg4 Rh7 56. Re8+ Kf6 57. Rf8+ Ke7 58. Rf5 Rg7+ 59. Rg5 Rxg5+ 60. Kxg5 Ke6 61. f4 e4 62. f5+ Ke5 63. f6 e3 64. f7 1-0

[Event "Winnipeg TNT February op"]
[Site "Winnipeg CAN"]
[Date "2011.02.08"]
[Round "2"]
[White "Milward, David"]
[Black "Green, Jim"]
[Result "1/2-1/2"]
[WhiteElo "1670"]
[BlackElo "1812"]
[PlyCount "83"]
[GameId "2160767909812747"]
[EventDate "2011.02.01"]
[EventType "swiss"]
[EventRounds "4"]
[EventCountry "CAN"]

1. e4 d6 2. d4 Nf6 3. Nc3 e5 4. dxe5 dxe5 5. Qxd8+ Kxd8 6. Bc4 Ke8 7. Be3 Bb4 8. f3 c6 9. Nge2 Nbd7 10. O-O-O b5 11. Bb3 Nc5 12. a3 Nxb3+ 13. cxb3 Be7 14. g4 Be6 15. Kc2 a5 16. a4 b4 17. Na2 Nd7 18. Nac1 f6 19. Ng3 g6 20. h4 Kf7 21. h5 c5 22. Rd2 Rac8 23. hxg6+ hxg6 24. Rdh2 Rxh2+ 25. Rxh2 Kg7 26. Kb1 Bf7 27. Nf1 Nf8 28. Rc2 Ne6 29. Ne2 Rd8 30. Nd2 Nd4 31. Nxd4 exd4 32. Bf4 Rd7 33. Nc4 Bxc4 34. bxc4 Bd6 35. Bxd6 Rxd6 36. Kc1 Kh6 37. Rh2+ Kg7 38. b3 Rd8 39. g5 fxg5 40. Rg2 Kf6 41. Rh2 Kg7 42. Rg2 1/2-1/2

[Event "Winnipeg TNT February op"]
[Site "Winnipeg CAN"]
[Date "2011.02.08"]
[Round "2"]
[White "Reimer, Bruce"]
[Black "Kumaragamage, Shashika"]
[Result "0-1"]
[WhiteElo "1658"]
[BlackElo "1443"]
[PlyCount "144"]
[GameId "2160767909812748"]
[EventDate "2011.02.01"]
[EventType "swiss"]
[EventRounds "4"]
[EventCountry "CAN"]

1. c4 e5 2. g3 c6 3. d4 exd4 4. Qxd4 Nf6 5. Bg2 g6 6. e4 Qe7 7. Nc3 Na6 8. Bg5 Bg7 9. e5 h6 10. Ne4 Qb4+ 11. Bd2 c5 12. Nxf6+ Bxf6 13. Qd3 Qxb2 14. Bc3 Nb4 15. Bxb2 Nxd3+ 16. Ke2 Nxb2 17. exf6 d6 18. Bd5 Rb8 19. a4 Be6 20. Nf3 Nxc4 21. Bxe6 fxe6 22. Kd3 d5 23. Rhe1 Kf7 24. Rab1 Kxf6 25. h4 e5 26. Nd2 Nxd2 27. Kxd2 e4 28. a5 b6 29. axb6 axb6 30. Rb5 Rhe8 31. Reb1 Re6 32. Rc1 Kf5 33. Rcxc5 bxc5 34. Rxb8 Rc6 35. Rd8 d4 36. Rd5+ Ke6 37. Rd8 Ke7 38. Rg8 c4 39. Rg7+ Kf6 40. Rd7 c3+ 41. Kc2 d3+ 42. Kc1 d2+ 43. Kc2 Ke6 44. Rd4 Ke5 45. Rb4 Rd6 46. Rb1 Kd4 47. Rb4+ Kc5 48. Rb1 Kc4 49. Rd1 Rd3 50. Ra1 Kd5 51. Ra5+ Ke6 52. Ra6+ Kf5 53. Ra1 Kg4 54. Rf1 Kf3 55. Rh1 Kxf2 56. g4 Ke2 57. Rh2+ Kf3 58. Rh1 Kxg4 59. Rg1+ Kh5 60. Kd1 g5 61. hxg5 hxg5 62. Rh1+ Kg6 63. Rf1 Rf3 64. Rh1 Kf5 65. Ke2 Kf4 66. Kd1 g4 67. Rg1 g3 68. Rh1 Rf2 69. Rg1 Kf3 70. Rh1 e3 71. Kc2 e2 72. Rg1 e1=Q 0-1

[Event "Winnipeg TNT February op"]
[Site "Winnipeg CAN"]
[Date "2011.02.08"]
[Round "2"]
[White "Rutter, Blair"]
[Black "Mundwiler, Les"]
[Result "0-1"]
[WhiteElo "1889"]
[BlackElo "1981"]
[PlyCount "102"]
[GameId "2160767909812749"]
[EventDate "2011.02.01"]
[EventType "swiss"]
[EventRounds "4"]
[EventCountry "CAN"]
[SourceTitle "EXT 2022"]
[Source "ChessBase"]
[SourceDate "2021.10.06"]
[SourceVersion "1"]
[SourceVersionDate "2021.10.06"]
[SourceQuality "1"]

1. c4 Nf6 2. g3 e6 3. Bg2 d5 4. d4 Bb4+ 5. Nc3 O-O 6. cxd5 exd5 7. Nf3 c6 8. O-O Re8 9. Qc2 a5 10. Bf4 Bxc3 11. bxc3 Ne4 12. Rac1 Nd7 13. Ne5 Ndf6 14. f3 Nd6 15. e4 a4 16. Rce1 Nb5 17. Nd3 Na3 18. Qc1 Nc4 19. e5 Nh5 20. Bg5 f6 21. exf6 gxf6 22. Bh4 Bf5 23. Nf2 Ng7 24. Qf4 Rf8 25. Re2 Qd6 26. Qh6 Bg6 27. g4 Rae8 28. Bg3 Qa3 29. Rxe8 Rxe8 30. Bh4 Re6 31. Qf4 Qxc3 32. Bxf6 Qe3 33. Qb8+ Ne8 34. Be5 Nxe5 35. dxe5 b5 36. Qc8 Bf7 37. Kh1 Qxe5 38. Nh3 Qc7 39. Qa8 Rd6 40. Ng5 Rd8 41. Qa6 Ng7 42. f4 Be6 43. f5 Bc8 44. Qa8 Bxf5 45. Bxd5+ cxd5 46. Qa6 Bd3 47. Qh6 Rd6 48. Qh3 Be4+ 49. Kg1 Qc5+ 50. Rf2 Rf6 51. Qxh7+ Bxh7 0-1

[Event "Winnipeg TNT February op"]
[Site "Winnipeg CAN"]
[Date "2011.02.08"]
[Round "2"]
[White "Wolchock, Theo"]
[Black "Iomdina, Alexander"]
[Result "1-0"]
[WhiteElo "1600"]
[BlackElo "1435"]
[PlyCount "131"]
[GameId "2160767909812750"]
[EventDate "2011.02.01"]
[EventType "swiss"]
[EventRounds "4"]
[EventCountry "CAN"]
[SourceTitle "EXT 2022"]
[Source "ChessBase"]
[SourceDate "2021.10.06"]
[SourceVersion "1"]
[SourceVersionDate "2021.10.06"]
[SourceQuality "1"]

1. e4 c5 2. Nf3 d6 3. Bc4 Nf6 4. Nc3 g6 5. h3 Bg7 6. O-O O-O 7. d3 Nc6 8. Be3 Bd7 9. Qd2 Na5 10. Bh6 Nxc4 11. dxc4 Bc6 12. Rfe1 Qd7 13. Bxg7 Kxg7 14. Rad1 Qe6 15. b3 a6 16. Qc1 b5 17. Nd5 Rab8 18. Qa1 bxc4 19. bxc4 Rfe8 20. Nc7 Qd7 21. Nxe8+ Qxe8 22. e5 dxe5 23. Qxe5 e6 24. Qxc5 Rc8 25. Qd4 Bxf3 26. gxf3 Qe7 27. Re4 Kg8 28. Re3 Rc5 29. Rb3 h6 30. Rb8+ Kh7 31. Rb7 Qxb7 32. Qxc5 Qxf3 33. Rd3 Qe4 34. Qd4 Qe1+ 35. Kg2 Qe4+ 36. Qxe4 Nxe4 37. Ra3 Nd2 38. Rxa6 Nxc4 39. a4 Kg7 40. a5 Kf6 41. Ra8 Ke7 42. a6 Nd6 43. a7 Nb5 44. Re8+ Kxe8 45. a8=Q+ Ke7 46. Qb7+ Kf6 47. Qxb5 e5 48. Kf3 Kg5 49. Qxe5+ f5 50. Qe7+ Kh5 51. Kg3 f4+ 52. Kxf4 g5+ 53. Kg3 Kg6 54. f4 h5 55. Qxg5+ Kh7 56. Qxh5+ Kg7 57. Kg4 Kg8 58. Kf5 Kg7 59. Qg6+ Kh8 60. Qb6 Kg7 61. Qc7+ Kh6 62. Qd8 Kg7 63. Qe7+ Kh6 64. Qg5+ Kh7 65. Kf6 Kh8 66. Qg7# 1-0

[Event "Winnipeg TNT February op"]
[Site "Winnipeg CAN"]
[Date "2011.02.08"]
[Round "2.4"]
[White "Kaptsan, Aron"]
[Black "Campbell, Gary"]
[Result "1-0"]
[WhiteElo "2010"]
[BlackElo "1684"]
[PlyCount "39"]
[GameId "2160767909812751"]
[EventDate "2011.02.01"]
[EventType "swiss"]
[EventRounds "4"]
[EventCountry "CAN"]
[SourceTitle "EXT 2022"]
[Source "ChessBase"]
[SourceDate "2021.10.06"]
[SourceVersion "1"]
[SourceVersionDate "2021.10.06"]
[SourceQuality "1"]

1. d4 d5 2. c4 e6 3. Nf3 Be7 4. e3 Nf6 5. Bd3 dxc4 6. Bxc4 O-O 7. Nc3 Bb4 8. O-O Bxc3 9. bxc3 b6 10. Ne5 Bb7 11. f3 Nbd7 12. Nd3 c5 13. dxc5 Rc8 14. Qb3 Qc7 15. Ba3 Rfe8 16. Bb5 Bc6 17. Bxc6 Qxc6 18. cxb6 Qxc3 19. b7 Qxb3 20. bxc8=Q 1-0

[Event "Winnipeg TNT February op"]
[Site "Winnipeg CAN"]
[Date "2011.02.08"]
[Round "2.4"]
[White "Repa, Jason"]
[Black "Pottinger, Carl"]
[Result "1/2-1/2"]
[WhiteElo "2035"]
[BlackElo "1851"]
[PlyCount "48"]
[GameId "2160767909812752"]
[EventDate "2011.02.01"]
[EventType "swiss"]
[EventRounds "4"]
[EventCountry "CAN"]
[SourceTitle "EXT 2022"]
[Source "ChessBase"]
[SourceDate "2021.10.06"]
[SourceVersion "1"]
[SourceVersionDate "2021.10.06"]
[SourceQuality "1"]

1. f4 c5 2. Nf3 Nf6 3. e3 g6 4. Nc3 Bg7 5. Be2 O-O 6. O-O d6 7. Qe1 a6 8. d3 b5 9. Qh4 b4 10. Nd1 Nc6 11. Nf2 a5 12. e4 e6 13. Be3 Nd7 14. Qxd8 Rxd8 15. Rab1 Nb6 16. e5 Nd5 17. Bd2 dxe5 18. fxe5 Nxe5 19. Ng5 Ba6 20. Nfe4 h6 21. Nxc5 hxg5 22. Nxa6 Rxa6 23. d4 Nf3+ 24. Rxf3 Bxd4+ 1/2-1/2

[Event "Winnipeg TNT February op"]
[Site "Winnipeg CAN"]
[Date "2011.02.15"]
[Round "3"]
[White "Campbell, Gary"]
[Black "Einarsson, Ken"]
[Result "1-0"]
[WhiteElo "1684"]
[BlackElo "1817"]
[PlyCount "49"]
[GameId "2160767909812753"]
[EventDate "2011.02.01"]
[EventType "swiss"]
[EventRounds "4"]
[EventCountry "CAN"]
[SourceTitle "EXT 2022"]
[Source "ChessBase"]
[SourceDate "2021.10.06"]
[SourceVersion "1"]
[SourceVersionDate "2021.10.06"]
[SourceQuality "1"]

1. d4 d5 2. c4 e6 3. Nc3 Nf6 4. cxd5 Nxd5 5. Nf3 Bb4 6. Qc2 Nc6 7. a3 Ba5 8. e3 O-O 9. Bd2 Re8 10. Bb5 a6 11. Bxc6 bxc6 12. Na4 Bxd2+ 13. Nxd2 Qd7 14. Nc5 Qe7 15. O-O e5 16. dxe5 Qxe5 17. Nf3 Qf6 18. Rfe1 Bg4 19. Nd4 Re7 20. Rac1 Rae8 21. Kh1 Qg5 22. Nxc6 Bf3 23. Nxe7+ Rxe7 24. gxf3 Qh5 25. Qd1 1-0

[Event "Winnipeg TNT February op"]
[Site "Winnipeg CAN"]
[Date "2011.02.15"]
[Round "3"]
[White "Green, Jim"]
[Black "Wolchock, Theo"]
[Result "1/2-1/2"]
[WhiteElo "1812"]
[BlackElo "1600"]
[PlyCount "72"]
[GameId "2160767909812754"]
[EventDate "2011.02.01"]
[EventType "swiss"]
[EventRounds "4"]
[EventCountry "CAN"]
[SourceTitle "EXT 2022"]
[Source "ChessBase"]
[SourceDate "2021.10.06"]
[SourceVersion "1"]
[SourceVersionDate "2021.10.06"]
[SourceQuality "1"]

1. e4 c5 2. Nf3 Nc6 3. Bb5 Nf6 4. Nc3 a6 5. Bxc6 bxc6 6. d3 h6 7. O-O e6 8. Be3 Be7 9. h3 O-O 10. Nh2 Qc7 11. f4 Bb7 12. f5 exf5 13. Rxf5 Bc8 14. Rf1 d5 15. exd5 cxd5 16. Ne2 Re8 17. Qd2 Kh7 18. Rae1 Bd6 19. Bf4 Bxf4 20. Nxf4 Bb7 21. Nf3 Rad8 22. Rxe8 Rxe8 23. Re1 Rxe1+ 24. Nxe1 c4 25. Qe3 cxd3 26. Qxd3+ Kg8 27. Ne2 Qa5 28. Nf3 Qxa2 29. b3 Qa1+ 30. Kh2 Ne4 31. Qd4 Qxd4 32. Nexd4 Kf8 33. Kg1 Ke7 34. Kf1 Kf6 35. Ke1 Bc8 36. Ke2 Bf5 1/2-1/2

[Event "Winnipeg TNT February op"]
[Site "Winnipeg CAN"]
[Date "2011.02.15"]
[Round "3"]
[White "Iomdina, Alexander"]
[Black "Reimer, Bruce"]
[Result "0-1"]
[WhiteElo "1435"]
[BlackElo "1658"]
[PlyCount "66"]
[GameId "2160767909812755"]
[EventDate "2011.02.01"]
[EventType "swiss"]
[EventRounds "4"]
[EventCountry "CAN"]
[SourceTitle "EXT 2022"]
[Source "ChessBase"]
[SourceDate "2021.10.06"]
[SourceVersion "1"]
[SourceVersionDate "2021.10.06"]
[SourceQuality "1"]

1. d4 Nf6 2. c4 g6 3. Nc3 Bg7 4. Bg5 h6 5. Bh4 d6 6. e3 O-O 7. Bd3 Qe8 8. Qc2 Na6 9. a3 e5 10. d5 Nc5 11. Ne4 Ncxe4 12. Bxe4 Nxe4 13. Qxe4 Bf5 14. Qf3 Qa4 15. Qd1 Qxc4 16. Rc1 Qxh4 17. Rxc7 b5 18. Nf3 Qd8 19. Rc6 Bg4 20. O-O e4 21. h3 exf3 22. hxg4 fxg2 23. Kxg2 Bxb2 24. Qb3 Qf6 25. Rc2 Qg5 26. Qxb2 Qxg4+ 27. Kh2 Qf3 28. Qxb5 Rfe8 29. Rfc1 Re5 30. Rc8+ Rxc8 31. Rxc8+ Kh7 32. Qb2 Rh5+ 33. Kg1 Qh1# 0-1

[Event "Winnipeg TNT February op"]
[Site "Winnipeg CAN"]
[Date "2011.02.15"]
[Round "3"]
[White "Pottinger, Carl"]
[Black "Kaptsan, Aron"]
[Result "0-1"]
[WhiteElo "1851"]
[BlackElo "2010"]
[PlyCount "94"]
[GameId "2160767909812757"]
[EventDate "2011.02.01"]
[EventType "swiss"]
[EventRounds "4"]
[EventCountry "CAN"]
[SourceTitle "EXT 2022"]
[Source "ChessBase"]
[SourceDate "2021.10.06"]
[SourceVersion "1"]
[SourceVersionDate "2021.10.06"]
[SourceQuality "1"]

1. c4 Nf6 2. g3 d5 3. Bg2 g6 4. Nf3 Bg7 5. O-O O-O 6. cxd5 Nxd5 7. Nc3 Nxc3 8. bxc3 c5 9. d4 Nc6 10. e3 Qc7 11. Qc2 Bd7 12. Rb1 cxd4 13. cxd4 Rac8 14. Bd2 Nxd4 15. Qxc7 Ne2+ 16. Kh1 Rxc7 17. Rfe1 Nc3 18. Bxc3 Bxc3 19. Red1 b6 20. Nd4 Bxd4 21. Rxd4 Be6 22. a4 Rfc8 23. Rdd1 Rc2 24. f4 Ra2 25. Ra1 Rcc2 26. Rxa2 Rxa2 27. Bc6 Rc2 28. Bb5 Bg4 29. Rd8+ Kg7 30. Kg1 Rc7 31. Rd2 Bf3 32. Bf1 Be4 33. Bg2 Rc1+ 34. Kf2 Rc2 35. Rxc2 Bxc2 36. Bc6 Kf6 37. e4 e5 38. Ke3 g5 39. Be8 Ke7 40. Bb5 f6 41. Kf3 Bd1+ 42. Ke3 Kd6 43. fxg5 fxg5 44. Kd3 Bg4 45. Kc3 Kc5 46. Bd3 Bd7 47. Bc2 Bc6 0-1

[Event "Winnipeg TNT February op"]
[Site "Winnipeg CAN"]
[Date "2011.02.15"]
[Round "3"]
[White "Rutter, Blair"]
[Black "Milward, Dave"]
[Result "1-0"]
[WhiteElo "1889"]
[BlackElo "1670"]
[PlyCount "49"]
[GameId "2160767909812758"]
[EventDate "2011.02.01"]
[EventType "swiss"]
[EventRounds "4"]
[EventCountry "CAN"]
[SourceTitle "EXT 2022"]
[Source "ChessBase"]
[SourceDate "2021.10.06"]
[SourceVersion "1"]
[SourceVersionDate "2021.10.06"]
[SourceQuality "1"]

1. f4 c5 2. Nf3 d6 3. b3 e6 4. Bb2 Nf6 5. Nc3 Be7 6. e3 O-O 7. Be2 Nbd7 8. O-O a6 9. Ng5 h6 10. Nh3 Rb8 11. Bf3 b5 12. Nf2 Bb7 13. d3 Qc7 14. Qe2 Rfc8 15. Rac1 Nb6 16. Bxb7 Qxb7 17. Nce4 Nxe4 18. Nxe4 f5 19. Ng3 c4 20. Bd4 Qd5 21. Qh5 e5 22. Nxf5 Bf8 23. fxe5 dxe5 24. Bxe5 cxd3 25. Nxh6+ 1-0

[Event "Winnipeg TNT February op"]
[Site "Winnipeg CAN"]
[Date "2011.02.22"]
[Round "4"]
[White "Campbell, Gary"]
[Black "Pottinger, Carl"]
[Result "1-0"]
[WhiteElo "1684"]
[BlackElo "1851"]
[PlyCount "55"]
[GameId "2160767909812759"]
[EventDate "2011.02.01"]
[EventType "swiss"]
[EventRounds "4"]
[EventCountry "CAN"]
[SourceTitle "EXT 2022"]
[Source "ChessBase"]
[SourceDate "2021.10.06"]
[SourceVersion "1"]
[SourceVersionDate "2021.10.06"]
[SourceQuality "1"]

1. d4 Nf6 2. c4 e6 3. Nc3 Bb4 4. e3 b6 5. Bd3 Bb7 6. f3 O-O 7. Nge2 d5 8. cxd5 Nxd5 9. Qc2 g6 10. O-O Bd6 11. a3 c5 12. e4 Nxc3 13. bxc3 cxd4 14. cxd4 Nc6 15. Be3 Qh4 16. e5 Bb8 17. Be4 Na5 18. Bxb7 Nxb7 19. Qc6 Qe7 20. Rac1 Rd8 21. Ng3 Qd7 22. Qc2 Kg7 23. Ne4 Na5 24. Nf6 Qe7 25. Qe4 Qb7 26. Bh6+ Kh8 27. Qh4 Nb3 28. Nd7 1-0

[Event "Winnipeg TNT February op"]
[Site "Winnipeg CAN"]
[Date "2011.02.22"]
[Round "4"]
[White "Kaptsan, Aron"]
[Black "Mundwiler, Les"]
[Result "1/2-1/2"]
[WhiteElo "2010"]
[BlackElo "1981"]
[PlyCount "43"]
[GameId "2160767909812760"]
[EventDate "2011.02.01"]
[EventType "swiss"]
[EventRounds "4"]
[EventCountry "CAN"]
[SourceTitle "EXT 2022"]
[Source "ChessBase"]
[SourceDate "2021.10.06"]
[SourceVersion "1"]
[SourceVersionDate "2021.10.06"]
[SourceQuality "1"]

1. d4 Nf6 2. c4 d6 3. Nc3 Nbd7 4. e4 e5 5. Nf3 c6 6. dxe5 dxe5 7. Be2 Qc7 8. O-O h6 9. Qc2 Be7 10. b3 Nf8 11. Bb2 Ng6 12. Rfe1 Ng4 13. Nd1 Bb4 14. Bc3 Bxc3 15. Qxc3 Qe7 16. Ne3 Nxe3 17. Qxe3 Bg4 18. h3 Bxf3 19. Bxf3 O-O 20. g3 Rfd8 21. Rad1 b6 22. Bh5 1/2-1/2